Turistika a športy v prírode

Salvato in:
Dettagli Bibliografici
Autore principale: Škultéty, Viktor, 1963-
Natura: Capitolo di libro
Lingua:slovacco
Soggetti:
Tags: Aggiungi Tag
Nessun Tag, puoi essere il primo ad aggiungerne!!

MARC

LEADER 00000naa a2200000 4500
001 0306580
005 20251028104115.7
041 0 |a slo 
044 |a SK 
245 1 0 |a Turistika a športy v prírode  |c Viktor Škultéty 
500 |a Abstrakt 
610 2 0 |a turistika 
610 2 0 |a šport 
610 2 0 |a vedomosti 
610 2 0 |a zručnosti 
100 1 |a Škultéty, Viktor, 1963-